Statystyki dla Najtrudniejszy Quiz (Państwa Nieuznawane)

Kliknij tutaj aby rozwiązać quiz!

Ogólne statystyki

  • Ten quiz został rozwiązany 58 razy
  • Średni wynik to 5 z 12

Statystyki odpowiedzi

KontynentKraj% Poprawnych
EuropaNaddniestrze
67%
AfrykaSomaliland
63%
AzjaAbchazja
61%
AzjaOsetia Południowa
61%
AfrykaSahara Zachodnia
57%
AzjaCypr Północny
44%
AzjaGórski Karabach
43%
EuropaDonieck
39%
EuropaŁugańsk
39%
AzjaKurdystan
28%
AzjaCzeczenia
22%
EuropaSealand
9%

Rozkład punktacji

Percentyl według liczby udzielonych odpowiedzi

Procent ludzi z każdym wynikiem

Twoja historia wyników

Nie rozwiązałeś tego quizu